LIBRARY & INFORMATION CENTRE, KCAET, TAVANUR

ONLINE PUBLIC ACCESS CATALOGUE (OPAC)

Discourses on the Gits (Record no. 11182)

MARC details
000 -LEADER
fixed length control field 00320cam a2200145ua 4500
041 ## - LANGUAGE CODE
Language code of text/sound track or separate title eng
082 ## - DEWEY DECIMAL CLASSIFICATION NUMBER
Classification number 320.58
Item number GAN/DI
100 ## - MAIN ENTRY--AUTHOR NAME
Personal name Valji Gandji. Desai, .
245 ## - TITLE STATEMENT
Title Discourses on the Gits
260 ## - PUBLICATION, DISTRIBUTION, ETC. (IMPRINT)
Place of publication :
Name of publisher Navajivan ,
Year of publication 1960.
300 ## - PHYSICAL DESCRIPTION
Number of Pages 67 ; .
Holdings
Withdrawn status Lost status Damaged status Home library Current library Date acquired Full call number Accession Number Koha item type
Withdrawn     KAUAET Kelappaji 07/04/2012 320.58 2311 Books
free website counter